| 000 | 00615nam a2200253 a 4500 | ||
|---|---|---|---|
| 001 | nice12345678 | ||
| 003 | IN_TiNIC | ||
| 005 | 20260116012922.0 | ||
| 008 | 050524s1987 cala grp 000 0 eng | ||
| 020 |
_a _c100 |
||
| 082 | 0 | 0 |
_a294.51 _bCHA |
| 100 | _aChatterjee, | ||
| 245 | _aOh! You!! Hindu Awake!!! | ||
| 260 |
_aCalcutta _bMotherindia Publications _c1987 |
||
| 300 | _a96p | ||
| 500 | _aincludes index and biblioraphy | ||
| 505 | 2 | _areferences | |
| 650 | _aHinduism-Apologetics work | ||
| 650 | _aCaste-India | ||
| 700 | 1 | _aChatterjee, | |
| 902 | _bSRS | ||
| 942 | _cBK | ||
| 999 |
_c8889 _d8889 |
||